000 01076nam a2200217Ia 4500
003 OSt
005 20240910105157.0
007 ca aa aaaaa
008 201103s9999 xx 000 0 und d
040 _cSSBUL
041 _abur
082 _223
_a၂၉၄.၃၆၃
100 _a ဆတျဘတ္တ၊ ဒရဗာရီလာလ်
_917331
245 1 _aဗုဒ္ဓဒိုင်ယာရီ /
_cဒရဗာရီလာလ်ဆတျဘတ္တ၊ ဘာပြန်သူ ပါရဂူ။
250 _a ပဥ္စမအကြိမ်။
260 _aရန်ကုန် ၊
_bလောကစာပေ၊
_c၁၉၇၄။
300 _a၁၇၆ စာမျက်နှာ ၊
_c၁၈ စင်တီ
500 _a ဟိန္ဒီဘာသာဖြင့်ရေးသားထားသည့်ဒရဗာရီလာလ်ဆတျဘတ္တ၏ဗုဒ္ဓဟရိဒယစာအုပ်ကိုမြန်မာပြန်ထားသည်။ S-SAT: Prof. Dr. Sai Aung Tun
650 _aဗုဒ္ဓ
942 _2ddc
_cBK1
999 _c16716
_d16716